Instructional process control

Riadenie procesov doškoľovania (IPC) ako obdoba štatistického riadenia výrobných procesov (SPC) aplikované na zabezpečenie kvality procesov vzdelávania a školenia, ako aj na dosiahnutie cieľov školenia pre programy akosti v podniku. Popis prípravy a implementácie metodiky IPC na školenie zamestnanco...

Ausführliche Beschreibung

Gespeichert in:
Bibliographische Detailangaben
1. Verfasser: Zaclewski, R.D
Format: Buchkapitel
Sprache:Englisch
Schlagworte:
Tags: Tag hinzufügen
Keine Tags, Fügen Sie das erste Tag hinzu!

MARC

LEADER 00000naa a2200000 4500
001 r014066
005 20221205080416.2
041 0 |a eng 
044 |a US 
245 1 0 |a Instructional process control  |c R.D. Zaclewski 
520 |a Riadenie procesov doškoľovania (IPC) ako obdoba štatistického riadenia výrobných procesov (SPC) aplikované na zabezpečenie kvality procesov vzdelávania a školenia, ako aj na dosiahnutie cieľov školenia pre programy akosti v podniku. Popis prípravy a implementácie metodiky IPC na školenie zamestnancov. Certifikačný proces na zabezpečenie inštruktorov IPC. 
610 2 0 |a doškoľovanie 
610 2 0 |a riadenie 
610 2 0 |a kvalita 
610 2 0 |a riadenie kvality 
610 2 0 |a zamestnanci 
610 2 0 |a metódy štatistické 
100 1 |a Zaclewski, R.D.